000 00455nam a2200181Ia 4500
001 8432
005 20260306160609.0
008 260306t1983||||xx |||||||||||||| ||spa||
041 _aESP
082 _a371
_bR74
100 _aRodriguez A., Walabonso
_eAUT
245 0 _aTecnología de la investigación experimental en educación
260 _c1983
300 _a191 páginas :
_c22 cm.
650 _aGEN
654 _aCED
942 _cLIB
_dJUS
_fJUS
_2ddc
_n
999 _c8432
_d8432